00202nam a2200073Ia 4500008004100000100002100041245005400062260001200116120527s9999 xx 000 0 und d aHANGMANN, Jurgen aLearning together through participatory extension bAgritex